O dia do Rei Dragão (Record no. 108787)

MARC details
000 -LÍDER
campo de controle de tamanho fixo 01088 a2200265 4500
001 - NÚMERO DE CONTROLE
campo de controle 108787
020 ## - ISBN - INTERNATIONAL STANDARD BOOK NUMBER
ISBN - International Standard Book Number 9788582770092
020 ## - ISBN - INTERNATIONAL STANDARD BOOK NUMBER
Informação qualificadora (Broch.)
041 ## - CÓDIGO DE IDIOMA
Código do idioma do texto/trilha sonora ou título diferente por
082 ## - CDD - CLASSIFICAÇÃO DECIMAL DE DEWEY
Número de Classificação Year 3 [Fic]
040 ## - FONTE DA CATALOGAÇÃO
Instituição da catalogação original BR-BrIDEA
Instituição que transcreveu o registro BR-BrIDEA
090 ## - NÚMERO DE CHAMADA LOCAL
Número de chamada (OCLC) (R); Número de chamada, CALL (RLIN) (NR) Year 3 [Fic]
Número Cutter local (OCLC); Número de classificação do livro, CALL (RLIN) OSB
100 ## - ENTRADA PRINCIPAL--NOME PESSOAL
Nome pessoal Osborne, Mary Pope.
245 10 - TÍTULO
Título O dia do Rei Dragão
Indicação de responsabilidade, etc. Mary Pope Osborne; ilustrações Sal Murdocca; tradução de Luciano Machado
260 ## - PUBLICAÇÃO, DISTRIBUIÇÃO, ETC.
Local de publicação, distribuição, etc. São Paulo
Nome do editor, distribuidor, etc. Farol Literário
Data da publicação, distribuição, etc. 2013
300 ## - DESCRIÇÃO FÍSICA
Extensão 92 p.
490 ## - TÍTULO DA SÉRIE
Título da série A casa da árvore mágica; 14
520 ## - NOTA DE RESUMO, ETC
Resumo, etc. Quem seria capaz de queimar livros? A Casa da Árvore Mágica leva João e Aninha para a China Antiga. Lá, um poderoso imperador chamado Rei Dragão deu ordens para que todos os livros fossem queimados. Será que João e Aninha conseguirão salvar pelo menos um livro? Ou serão capturados pelos soldados do imperador?
521 ## - NOTA DO PÚBLICO ALVO
Nota de público alvo Year 3
697 ## - ENTRADA DE ASSUNTO LOCAL--ENTIDADE COLETIVA (RLIN)
Nome corporativo ou nome da jurisdição Literatura juvenil.
700 ## - ENTRADA ADICIONADA - NOME PESSOAL
Nome pessoal Murdocca, Sal
Função do autor por extenso Ilustrador
Nome pessoal Machado, Luciano
Função do autor por extenso Tradutor
830 ## - ENTRADA SECUNDÁRIA DE SÉRIE--TÍTULO UNIFORME
Título uniforme A casa da árvore mágica; 14
856 ## - LOCALIZAÇÃO ELETRÔNICA E ACESSO
Uniform Resource Identifier <a href="00002a/00002a27.jpg">00002a/00002a27.jpg</a>
942 ## - ELEMENTOS DE ENTRADA ADICIONADOS (KOHA)
Tipo de material Koha Livros
Holdings
Situação do descarte Situação das perdas Fonte da classificação ou esquema de arquivamento na estante Situação física Não pode ser emprestado Biblioteca de origem Biblioteca atual Data de aquisição Total de empréstimos Número de chamada completo Código de barras Data de último acesso Data do último empréstimo Data do preço efetivo Tipo de material Koha Devolução em
    Classificação Decimal de Dewey     ECB - SUDOESTE ECB - SUDOESTE 16/10/2017 2 Year 4 [Fic] 00030121SSW 20/06/2024 02/05/2024 23/01/2024 Livros  
    Classificação Decimal de Dewey     ECB - SUDOESTE ECB - SUDOESTE 11/09/2017 4 Year 4 [Fic] 00030036SSW 20/06/2024 13/06/2024 23/01/2024 Livros  
    Classificação Decimal de Dewey     ECB - SUDOESTE ECB - SUDOESTE 11/09/2017 3 Year 3 [Fic] 00030035SSW 12/06/2024 12/06/2024 23/01/2024 Livros 19/06/2024
    Classificação Decimal de Dewey     ECB - SUDOESTE ECB - SUDOESTE 11/09/2017 6 Year 3 [Fic] 00030034SSW 12/06/2024 12/06/2024 23/01/2024 Livros 19/06/2024
    Classificação Decimal de Dewey     ECB - ÁGUAS CLARAS ECB - ÁGUAS CLARAS 10/06/2021 4 A Year 3 [Fic] OSB 00054335AGC 04/06/2024 28/05/2024 23/01/2024 Livros  
    Classificação Decimal de Dewey     ECB - ÁGUAS CLARAS ECB - ÁGUAS CLARAS 10/06/2021 2 A Year 3 [Fic] OSB 00054336AGC 15/05/2024 08/05/2024 23/01/2024 Livros